Chappell Roan - The Rise and Fall of a Midwest Princess - Statistics

General Stats
  • This quiz has been taken 438 times
    91 since last reset
  • The average score is 11 of 15
Answer Stats
2023 The Rise and Fall of a Midwest Princess % Correct
5 Casual
86%
2 Red Wine Supernova
86%
7 HOT TO GO!
83%
1 Femininomenon
81%
13 California
80%
4 Coffee
80%
10 Kaleidoscope
80%
11 Pink Pony Club
78%
6 Super Graphic Ultra Modern Girl
73%
12 Naked In Manhattan
71%
9 Picture You
71%
3 After Midnight
64%
8 My Kink Is Karma
64%
14 Guilty Pleasure
58%
15 Love Me Anyway
10%
No matching quizzes found
Score Distribution
Percent of People with Each Score
Percentile by Number Answered
Your Score History
You have not taken this quiz since the last reset